[Event "Niederrhein-ch"]
[Site "Solingen"]
[Date "2019.04.13"]
[Round "2.4"]
[White "Kurr, Gerd"]
[Black "Ophuels, Jan"]
[Result "1/2-1/2"]
[WhiteElo "2099"]
[BlackElo "1991"]
[PlyCount "98"]
[EventDate "2019.04.12"]
[EventType "swiss"]
[EventRounds "7"]
[EventCountry "GER"]
[SourceTitle "EXT 2022"]
[Source "ChessBase"]
[SourceDate "2021.10.06"]
[SourceVersion "1"]
[SourceVersionDate "2021.10.06"]
[SourceQuality "1"]

1. Nf3 Nf6 2. c4 g6 3. Nc3 Bg7 4. g3 0-0 5. Bg2 c6 6. 0-0 d5 7. cxd5 cxd5 8. d4 b6 9. Ne5 e6 10. Bg5 Na6 11. e4 Nc7 12. Qb3 Bb7 13. exd5 Bxd5 14. Nxd5 Ncxd5 15. Bxf6 Bxf6 16. Rac1 Bxe5 17. dxe5 Qd7 18. Rfd1 Rac8 19. Rxc8 Rxc8 20. Bxd5 exd5 21. Qxd5 Qxd5 22. Rxd5 Rc2 23. Rd8+ Kg7 24. Rd7 Kg8 25. Rxa7 Rxb2 26. a4 g5 27. h3 Re2 28. Rb7 Ra2 29. Rxb6 Rxa4 30. Kg2 Re4 31. Rb5 Kg7 32. Kf3 Re1 33. Kg4 Kg6 34. Rb6+ Kg7 35. Kf5 Re2 36. f4 gxf4 37. gxf4 Re1 38. Rb3 Rg1 39. h4 h5 40. Rb7 Kg8 41. Kf6 Rg6+ 42. Ke7 Re6+ 43. Kd7 Kg7 44. Rb8 Kg6 45. Rg8+ Kf5 46. Rg7 Kxf4 47. Rxf7+ Kxe5 48. Rh7 Ra6 49. Rxh5+ Kf4 1/2-1/2

[Event "Dortmund Sparkassen op-B 44th"]
[Site "Dortmund"]
[Date "2016.07.17"]
[Round "9"]
[White "Koellner, Aaron Noah"]
[Black "Ophuels, Jan"]
[Result "1-0"]
[WhiteElo "1715"]
[BlackElo "1932"]
[PlyCount "75"]
[EventDate "2016.07.09"]
[EventType "swiss"]
[EventRounds "9"]
[EventCountry "GER"]
[SourceTitle "CBM 173 Extra"]
[Source "ChessBase"]
[SourceDate "2016.08.29"]
[SourceVersion "1"]
[SourceVersionDate "2016.08.29"]
[SourceQuality "1"]

1. d4 Nf6 2. Nf3 g6 3. Nbd2 d5 4. e3 Bg7 5. b4 0-0 6. c4 a5 7. b5 c5 8. a4 cxd4 9. Nxd4 e5 10. N4f3 d4 11. e4 Nbd7 12. Ba3 Re8 13. Bd3 b6 14. Nb3 Bb7 15. Nfd2 Rc8 16. 0-0 Bf8 17. Bxf8 Rxf8 18. Re1 Nh5 19. g3 Qg5 20. Rc1 f5 21. h4 Qh6 22. c5 Nxc5 23. Nxc5 bxc5 24. exf5 Nf4 25. Be4 Bxe4 26. Rxe4 gxf5 27. Rxe5 Kh8 28. Nf3 Nd3 29. Qxd3 Qxc1+ 30. Kg2 Qc3 31. Qb1 d3 32. Re7 h6 33. Ne5 Rf6 34. Nxd3 Rd8 35. Nf4 Rd2 36. Qe1 Qd4 37. Re8+ Kg7 38. Qe7+ 1-0

[Event "Dortmund Sparkassen op-B 44th"]
[Site "Dortmund"]
[Date "2016.07.14"]
[Round "6"]
[White "Ophuels, Jan"]
[Black "Wissing, Philipp"]
[Result "1-0"]
[WhiteElo "1932"]
[BlackElo "1771"]
[PlyCount "55"]
[EventDate "2016.07.09"]
[EventType "swiss"]
[EventRounds "9"]
[EventCountry "GER"]
[SourceTitle "CBM 173 Extra"]
[Source "ChessBase"]
[SourceDate "2016.08.29"]
[SourceVersion "1"]
[SourceVersionDate "2016.08.29"]
[SourceQuality "1"]

1. Nf3 d5 2. g3 c5 3. c4 e6 4. Bg2 Nc6 5. 0-0 Nf6 6. cxd5 exd5 7. Na3 Qb6 8. Qb3 Qxb3 9. axb3 a6 10. Nb5 Rb8 11. Na3 Be7 12. d4 Be6 13. Bf4 Rc8 14. Rfd1 cxd4 15. Nxd4 Nxd4 16. Rxd4 Bc5 17. Rd2 Ne4 18. Bxe4 dxe4 19. Nc4 0-0 20. Bd6 Bxd6 21. Nxd6 Rcd8 22. Nxe4 Bxb3 23. Rxd8 Rxd8 24. Nc5 Bc4 25. e3 Rd2 26. Rc1 Bd5 27. Ne4 Bc6 28. Nxd2 1-0

[Event "Dortmund Sparkassen op-B"]
[Site "Dortmund"]
[Date "2011.07.26"]
[Round "4"]
[White "Ophuels, Jan"]
[Black "Terhuven, Patrick"]
[Result "0-1"]
[WhiteElo "1638"]
[BlackElo "1540"]
[PlyCount "74"]
[EventDate "2011.07.23"]
[EventType "swiss"]
[EventRounds "9"]
[EventCountry "GER"]
[SourceTitle "EXT 2013"]
[Source "ChessBase"]
[SourceDate "2012.11.22"]
[SourceVersion "1"]
[SourceVersionDate "2012.11.22"]
[SourceQuality "1"]

1. e4 c5 2. Nf3 d6 3. d4 cxd4 4. Nxd4 Nf6 5. Nc3 a6 6. Be3 e5 7. Nb3 Be6 8. Be2 Nbd7 9. f3 b5 10. Qd2 Nb6 11. 0-0-0 Nc4 12. Bxc4 bxc4 13. Na1 Qc7 14. Bg5 Rb8 15. Bxf6 gxf6 16. Nd5 Bxd5 17. Qxd5 a5 18. c3 Rg8 19. g3 Ke7 20. Kc2 a4 21. b3 cxb3+ 22. axb3 Qb6 23. b4 Bh6 24. Qa5 Qf2+ 25. Kb1 Rgc8 26. Rd3 Ra8 27. Qd5 Qb6 28. Nc2 Rc6 29. Kb2 Rac8 30. Ra1 Qa6 31. Na3 Qb6 32. Qb5 Qf2+ 33. Nc2 Bd2 34. Ra3 Qf1 35. Qxc6 Qc1+ 36. Ka2 Qxc2+ 37. Ka1 Rxc6 0-1

[Event "Dortmund Sparkassen op-B"]
[Site "Dortmund"]
[Date "2010.07.23"]
[Round "7"]
[White "Ophuels, Jan"]
[Black "Ropers, Klaus"]
[Result "1-0"]
[WhiteElo "1437"]
[BlackElo "1865"]
[PlyCount "59"]
[EventDate "2010.07.17"]
[EventType "swiss"]
[EventRounds "9"]
[EventCountry "GER"]
[SourceTitle "EXT 2014"]
[Source "ChessBase"]
[SourceDate "2013.11.20"]
[SourceVersion "1"]
[SourceVersionDate "2013.11.20"]
[SourceQuality "1"]

1. e4 c5 2. Nc3 Nc6 3. f4 g6 4. Bc4 Bg7 5. Nf3 d6 6. 0-0 e6 7. a4 Nge7 8. Ba2 0-0 9. d3 Bd7 10. Qe2 a6 11. e5 d5 12. g4 d4 13. Ne4 b6 14. h4 Nd5 15. g5 Ncb4 16. Bb3 Qc7 17. h5 Rfd8 18. hxg6 fxg6 19. Qh2 Bc6 20. Kf2 Rd7 21. Rh1 Bh8 22. Nf6+ Bxf6 23. exf6 Rdd8 24. Ne5 Be8 25. Qh3 h5 26. gxh6 Bf7 27. h7+ Kh8 28. Qxe6 Ra7 29. Bd2 Rd6 30. Nxf7+ 1-0